1934 1356 1812 1858 1039 1797 1267 1901 1607 1925 1363 1828 1780 1579 1989 1021 1021 1078 1788 1290 1273 1329 1756 1301 1419 1156 1009 1486 1719 1456 1925 1630 1856 1781 1645 1471 1158 1458 1029 1276 1986 1232 1415 1784 1783 1842 1718 1654 1179 1216 1506 1743 1487 1578 1961 1966 1285 1941 1916 1834 1965 1405 1146 1255 1494 1151 1159 1665 1093 1163 1095 2000 1327 1081 1666 1941 1591 1312 1404 1064 1039 1900 1108 1846 1807 1256 1138 1283 1196 1709 1279 1492 1995 1608 1372 1298 1887 1610 1762 BCNSPRNW ULIB Ver.6.0+V

เปลี่ยนเป็นภาษาไทย

Change to English
 แสดงรายละเอียดบรรณานุกรม
  กลับหน้าหลัก

Brief Record : Get Marc (ISO 2709) : E-mail record : QR code < ปิดหน้าต่าง
LEADER : 00000nam 2200000uu 4500
001    13399125635
003     ULIB
008    170712s2559||||th 000 0 tha d
020    ^a9786163202253
060  0 ^aWS115^bด141ต
100 0  ^aดลภัค ทรรศพร
245 00 ^aแต่งผมเด็กให้น่ารักพร้อมโภชนาการและวิธีดูแลเส้นผมให้สวยงาม /^cดลภัค ทรรศพร
260    ^aกรุงเทพฯ :^bอินทรีย์,^cม.ป.ป.
300    ^a144 หน้า ;^c19 ซม.
650  0 ^aเด็ก^xโภชนาการเด็ก
945    ^p150^l0^i002613
999    ^aประนอม เกษจรัล
รายการนี้ยังไม่มีแท็ก
คุณยังไม่ได้ล็อกอิน คุณสามารถมีกิจกรรมร่วมกับเว็บไซต์ได้ แต่ต้องล็อกอินก่อน ::
  ล็อกอิน

รายการสื่อสารสนเทศ

ลำดับที่ ประเภท เลขเรียก/บาร์โค้ด สถานที่ สถานะ
1. วิทยาศาสตร์การแพทย์ และสุขภาพ
วิทยาศาสตร์การแพทย์ และสุขภาพ
WS115 ด141ต ฉ.1 
  Barcode: 002613
ห้องสมุดวิทยาเขตนครสวรรค์
►นวนิยาย:l:Fiction
บนชั้น

รายการใกล้เคียง
    ผู้แต่ง [ดลภัค ทรรศพร]

BibComment


ยังไม่เคยถูกคอมเมนท์

คอมเมนท์ทรัพยากรรายการนี้
  คอมเมนท์: แต่งผมเด็กให้น่า..


 Copyright 2026. Bcnsprnw @Library